00966 a2200205 4500003000500000005001700005040000900022082001600031100004800047245010800095260003400203300001100237505026900248650002300517651002000540700004000560942001200600999001900612952012900631NUST20251124122911.0 cNust a621.382,KHA aKhan, Capt Yasir (TE-42, TCC-17 B)9132007 aReconfigurable filter using FPGA /cCapt Yasir khan, Capt Khurram khan, Capt Ali Akbar and Capt Dawood. aRawlalpindibMCS (NUST)c2009 a107 .; aIntroduction (Page-8), Fir Filter Architecture (Page-12), Filter Algorithm Design Using MATLAB (Page-20), Reconfigurable Filtering (Page-36), Software Requirements (Page-42), Hardware Implementation (Page-50), Future recommendation (Page-58), References (Page-60). aUG Projects998716 aTCC-17B9131348 aSupervised by Brig (R) Khan9132008 cPR2ddc c184069d184069 00102ddc4070aMCSbMCScREFd2016-12-12o621.382,KHApMCSPTC-116r2016-12-08w2016-12-12yPRzAlmirah No. 94, Shelf No. 3